Género Therasya Kunth (<Paniceae, Panicoideae, Gramineae>) para Colombia (Registro nro. 14267)

Detalles MARC
000 -CABECERA
Campo de control 003950000a22001090004500
090 ## - CLASIFICACIÓN LOCAL
Colección AS
Consecutivo Seriadas
041 0# - IDIOMA
Código de idioma para texto/pista de sonido o título separado
100 1# - ASIENTO PRINCIPAL--NOMBRE PERSONAL
Nombre personal Pinto Nolla, Joaquín
245 10 - MENCION DE TITULO
Título Género Therasya Kunth (<Paniceae, Panicoideae, Gramineae>) para Colombia
773 1# - Item fuente:
Título Revista de la Academia Colombiana de Ciencias Exactas, Fisicas y Naturales
Especificación de materiales 32
Descripción física Supl. Esp.
Paginas del Articulo 107-118
Lugar, editorial y fecha de publicación 1999
Información sobre la relación 23
942 ## - ELEMENTOS ADICIONALES (KOHA)
Tipo de ítem Artículo

No hay ítems disponibles.